书目信息 |
| 题名: |
环境政策与分析
|
|
| 作者: | 丁文广 主编 | |
| 分册: | ||
| 出版信息: | 北京 北京大学出版社 2008.08 |
|
| 页数: | 216页 | |
| 开本: | 26cm | |
| 丛书名: | ||
| 单 册: | ||
| 中图分类: | X-012 | |
| 科图分类: | ||
| 主题词: | 环境政策--中国--高等学校--教材 | |
| 电子资源: | ||
| ISBN: | 978-7-301-14136-6 | |
| 000 | 00912nam0 2200241 450 | |
| 001 | 012004272730 | |
| 005 | 20091208161727.23 | |
| 010 | @a978-7-301-14136-6@dCNY24.00 | |
| 100 | @a20080901d2008 em y0chiy0110 ea | |
| 101 | 0 | @achi |
| 102 | @aCN@b110000 | |
| 105 | @ay z 000yy | |
| 106 | @ar | |
| 200 | 1 | @a环境政策与分析@9huan jing zheng ce yu fen xi@f丁文广主编 |
| 210 | @a北京@c北京大学出版社@d2008.08 | |
| 215 | @a216页@d26cm | |
| 300 | @a21世纪全国高等院校环境系列实用规划教材 | |
| 330 | @a本书阐述了环境政策工具、环境政策决策体制与制定、环境政策执行、环境政策评估、环境政策监控、环境政策终结、环境政策公共治理等各个环节,并结合大量的实证研究和案例分析,针对我国现行环境政策体系存在的问题提出了相关结论、对策和建议。 | |
| 606 | 0 | @a环境政策@y中国@x高等学校@j教材 |
| 690 | @aX-012@v4 | |
| 701 | 0 | @a丁文广@9ding wen guang@4主编 |
| 801 | 0 | @aCN@bNLC@c20091208 |
| 905 | @b20795158-63@dX-012@e180@f6 | |
| 环境政策与分析/丁文广主编.-北京:北京大学出版社,2008.08 |
| 216页;26cm |
| 21世纪全国高等院校环境系列实用规划教材 |
| ISBN 978-7-301-14136-6:CNY24.00 |
| 本书阐述了环境政策工具、环境政策决策体制与制定、环境政策执行、环境政策评估、环境政策监控、环境政策终结、环境政策公共治理等各个环节,并结合大量的实证研究和案例分析,针对我国现行环境政策体系存在的问题提出了相关结论、对策和建议。 |
| ● |
| 相关链接 |
|
|
|
|
正题名:环境政策与分析
索取号:X-012/180
 
预约/预借
| 序号 | 登录号 | 条形码 | 馆藏地/架位号 | 状态 | 备注 |
| 1 | 795158 | 207951581 | 第二样本阅览室/ [索取号:X-012/180] | 在馆 | |
| 2 | 795159 | 207951590 | 第三借阅区/ [索取号:X-012/180] | 在馆 | |
| 3 | 795160 | 207951607 | 第三借阅区/ [索取号:X-012/180] | 在馆 | |
| 4 | 795161 | 207951616 | 第三借阅区/ [索取号:X-012/180] | 在馆 | |
| 5 | 795162 | 207951625 | 第三借阅区/ [索取号:X-012/180] | 在馆 | |
| 6 | 795163 | 207951634 | 第三借阅区/ [索取号:X-012/180] | 在馆 |